Chile puede más

Gespeichert in:
Bibliographische Detailangaben
1. Verfasser: Foxley Rioseco, Alejandro (VerfasserIn)
Format: Buch
Sprache:Spanisch
Veröffentlicht: Santiago Planeta 1988
Schlagworte:
Tags: Tag hinzufügen
Keine Tags, Fügen Sie den ersten Tag hinzu!

MARC

LEADER 00000nam a2200000 a 4500
001 UCW9254
003 CL-VaPUC
008 890103e19880000CL |||||||||||||||||spa|d
082 0 4 |a 330.983  |b FOX  |2 21 
100 0 |a Foxley Rioseco, Alejandro  |e author  |9 314460 
245 1 0 |a Chile puede más 
300 |a 259 p 
942 |c BK 
945 |d 19890103 00:00:00 
260 |a Santiago  |b Planeta  |c 1988 
650 0 |a Historia  |9 255047 
650 0 |a Política y gobierno  |9 255151 
650 0 |a Condiciones sociales   |9 257278 
650 0 |a Condiciones económicas  |9 258255 
651 7 |a CHILE  |2 CL-VaPUC  |9 314461 
583 |a last modification  |c 19890103 00:00:00  |k Rodrigo Vera 
999 |c 221275  |d 221273 
952 |0 0  |1 0  |4 0  |6 330_983000000000000_FOX_1988  |7 0  |8 A  |9 214424  |a BIBHIS  |b BIBHIS  |d 2019-11-15  |i 2830264  |o 330.983 FOX 1988  |p 2830264  |r 2025-01-20  |w 2019-11-15  |y BK  |k HIS 
952 |0 0  |1 0  |4 0  |6 330_983000000000000_FOX_1988  |7 0  |8 A  |9 214425  |a BIBENE  |b BIBENE  |d 2019-11-15  |i 2830272  |o 330.983 FOX 1988  |p 2830272  |r 2025-01-15  |w 2019-11-15  |y BK  |k ICO 
952 |0 0  |1 0  |4 0  |6 330_983000000000000_FOX_1988  |7 0  |8 A  |9 214426  |a BIBCUR  |b BIBCUR  |d 2019-11-15  |i 3140229  |o 330.983 FOX 1988  |p 3140229  |r 2025-04-22  |w 2019-11-15  |y BK  |k PER 
952 |0 0  |1 0  |4 0  |6 330_983000000000000_FOX_1988  |7 0  |8 A  |9 214427  |a BIBDER  |b BIBDER  |d 2019-11-15  |i 3908402  |o 330.983 FOX 1988  |p 3908402  |r 2023-01-25  |w 2019-11-15  |y BK  |k DER